00791nam a2200217 450000500170000001000150001702000270003203500140005903700090007308200170008210000400009924500730013925000090021226000250022127000800024630000220032670000390034894200310038799900190041895201360043720260415123620.0 aENG-148283 a9788198479297c1250.00 aEN-131815 bDBAD 22025a220.21 achakrabarti, Samiran Chandra988918 a The Vedas And The Indian CivilizationcSamiran Chandra Chakrabarti a2025 aKolkatabAnant Sinha aIieutenant Colonel, Administrator The Asiatic Society 1 park streete700016 a435.pgc21.cm(pb) aSamiran Chandra Chakrabarti988919 2ddccENe2025h220.21mCHA c215889d215889 001040718NFICaDBADbDBADd2026-04-15eDBADg1250.00l0o220.21 CHApEN- 131815r2026-04-15 12:39:20t1v1250.00w2026-04-15yEN